महायोगी श्री अरविन्द :जीवन , कार्य (Record no. 31965)

MARC details
000 -LEADER
fixed length control field 00402nam a22001217a 4500
003 - CONTROL NUMBER IDENTIFIER
control field SGT
082 ## - DEWEY DECIMAL CLASSIFICATION NUMBER
Classification number 920
Item number M18T
100 ## - MAIN ENTRY--PERSONAL NAME
Personal name थानकी, ज्योति
245 ## - TITLE STATEMENT
Title महायोगी श्री अरविन्द :जीवन , कार्य
260 ## - PUBLICATION, DISTRIBUTION, ETC. (IMPRINT)
Name of publisher, distributor, etc श्री अरविन्द सोसाइटी प्रकाशन
Year of Publication 2018
300 ## - PAGE DESCRIPTION
No. of Pages 527
942 ## - ADDED ENTRY ELEMENTS (KOHA)
Source of classification or shelving scheme Dewey Decimal Classification
Koha item type Books
Holdings
Withdrawn status Lost status Source of classification or shelving scheme Damaged status Not for loan Home library Current library Shelving location Date acquired SGTU Total Checkouts Full call number Accession No. (Barcode) Date last seen Bill Date Koha item type
    Dewey Decimal Classification   Not For Loan SGT Chancellor's Library SGT Chancellor's Library Reference Book 04/07/2025 SGTU   920 M18T CH3977 04/07/2025 04/07/2025 Books